« Retourner aux résultats de recherche
Cadavre du 25 (Le)
| Auteur principal: | Laurence Burger |
|---|---|
| Support: | Livres |
| Langue: | Francais |
| Publié: |
2021 Slatkine |
| Genre: |
Roman Policier |
| Sujets: | |
| Étiquettes: |
Ajouter
Pas de Tags !
|
| LEADER | 01296nam0a2200169 450 | ||
|---|---|---|---|
| 001 | 16838463 | ||
| 010 | |a 978-2-8321-1054-6 |b Br. |d 21,9 | ||
| 100 | |a 20220125d2021 u u0frey01 ba | ||
| 101 | 0 | |a fre | |
| 200 | 0 | |a Cadavre du 25 (Le) |f Laurence Burger | |
| 207 | 1 | |a | |
| 210 | |c Slatkine |d 2021 | ||
| 330 | |a François Gaudard, inspecteur de police à Monaco, ne sattendait pas à découvrir un sac mortuaire alors quil procédait au séquestre dun coffre-fort dune importante banque italienne du Rocher. Sac mortuaire qui plus est occupé par un cadavre ! Alors quelle ne fait que commencer, lenquête va se trouver rapidement prise dans les méandres financiers de sociétés licencieuses. Entre affaire de dopage, escort-girl, lutte contre le blanchiment, trafics divers entre Genève et Miami, et exploits sportifs, les héros, deux policiers dont les existences ne cessent de se croiser, se confrontent à des malfaiteurs dorigine aussi diverses que des membres de cartels sud-américains et des banquiers douteux, qui nhésiteront pas à faire couler le sang pour défendre leurs méfaits. | ||
| 700 | 0 | |a Burger |b Laurence |4 70 | |
| 900 | |a Roman Policier | ||
| 901 | |a Accessible au prêt | ||
| 995 | |a Bibliothèque |c Bibliothèque |f 024022117 |h 024022117 |k RP BUR |o p |q a |r az |e Bibliothèque | ||
